| 000 | 00616nam a2200181 4500 | ||
|---|---|---|---|
| 001 | 125822 | ||
| 003 | ES-MaACL | ||
| 005 | 20250811072553.0 | ||
| 007 | t| | ||
| 008 | 070214s1962 sp r ||||1| spa d | ||
| 110 | 1 |
_aEspaña. _bMinisterio de Trabajo _93924 |
|
| 245 | 1 | 0 |
_aReglamentación de sanidad laboral _b: reglamentos de seguridad, higiene e iluminación en los centros de trabajo : (industria y comercio). |
| 260 |
_aMadrid : _b[s. n.], _c1962. |
||
| 300 |
_a32 p. ; _c25 cm. |
||
| 710 | 2 |
_aEspaña. _tLeyes, etc. _9184149 |
|
| 852 |
_aES-MaACL _j2028-F-30 _bR.49559 |
||
| 999 |
_c125822 _d125822 |
||